| 000 | 01106cam a22002054a 4500 | ||
|---|---|---|---|
| 005 | 20250605163934.0 | ||
| 008 | 250528s ||||||||||||||||||||||||d | ||
| 035 | _a14815 | ||
| 020 | _a9602100257 | ||
| 040 |
_aGR-AtMCL _bgre _dGR-AtMCL _eAACR2 |
||
| 245 | 1 | _aΕγχειρίδιο Κοινωνικής Ψυχολογίας / Δ' Έκδοση | |
| 250 | _a4η | ||
| 260 |
_bΟδυσσέας, _c1989 |
||
| 300 | _a528 | ||
| 520 | _aΟ τόμος αυτός αποτελεί μια αρκετά λεπτομερή εισαγωγή στο γνωστικό αντικείμενο της Κοινωνικής Ψυχολογίας. Εισαγωγή, Στόχοι και Ιδιομορφία της Κοινωνικής Ψυχολογίας, Κοινωνική Συμπεριφορά και Ατομικές Διεργασίες, Άτομα και Ομάδες, Κοινωνική Επιρροή, Κοινωνική Σκέψη, Συμπεράσματα, Σημειώσεις, Βιβλιογραφία. | ||
| 700 | 1 |
_aΠαπαστάμου Στάμος _9160 |
|
| 942 | _cBK | ||
| 999 |
_c430 _d430 |
||